000 01040nam a22002657a 4500
003 BD-DhSAU
005 20181206123729.0
008 161006b2016 bg ad||| |||| 00| 0 eng d
040 _aBD-DhSAU
082 _222
_a630
_bT818
100 _aTuhin, Md. Zahidul Islam Hawlader
_4Registration No:10-03973
245 _aMitigation of Cadmium stress in Rice by exogenous application of Sodium Nitroprusside (Nitric Oxide Donor)/
_cTuhin, Md. Zahidul Islam Hawlader
_bMs Thesis
260 _aDhaka : Sher- e- Bangla Agricultural University :
_bDepartment of Agronomy ,
_c2016
300 _axii, 86 p. :
_bill. ;
_c30 cm.
504 _aIncludes bibliographical references.
590 _aShofi
650 _aAgronomy
650 _aCadmium
650 _aSodium Nitroprusside (Nitric Oxide Donor)
650 _a Rice
700 _aHasanuzzaman, Mirza
_4Supervisor
700 _a Hossain, H. M. M. Tariq
_4Co-Supervisor
856 _uhttp://archive.saulibrary.edu.bd:8080/xmlui/handle/123456789/570
_yOnline Access
942 _2ddc
_cTHESIS
999 _c14053
_d14052